000 00540nam a2200193Ia 4500
005 20250326145158.0
008 250326s9999 xx 000 0 und d
037 _aTextbook
040 _aFMSL
_beng
_cFMSL
041 _aeng
_2eng
084 _aL:51 P8
_qFMSL
100 _aOzcan Y A
_9750789
245 0 _aHealth care benchmaking and performance evaluation
_cOzcan Y A
260 _aUSA
_bUSA, Springer
_c2008
365 _b6148.9620000000004
650 _aManagement
942 _cTB
_hL:51 P8
999 _c1306654
_d1306654